000 00669nam a2200241 a 4500
001 0001-1153
003 ELIB.Books
008 150506 2010 eng
020 _a080102479X
035 _a(ELIB.Books)0001-1308
092 _a371. 071
_bWol
100 _aWolterstorff, Nicholas P.
245 _aEducating for Life
_bReflections on Christian Teaching and Learning
260 _aGrand Rapids
_bBaker Academic
_c2002
300 _a298
_c23 Cm
500 _aC/o Moe Lwei
650 _aChristian Religious Schools
856 _nKBTS: Library
_uKBTS: Elib
942 _2ddc
_cBK
990 _a1
998 _cbat
_e2015-05-06
999 _c11153
_d11153